Certifikácia je dobrovoľná

Zodpovednosť za neškodnosť pleťových krémov je na výrobcovi a dovozcovi. Testovacie centrá na krémy. Legislatívna úprava certifikácie kozmetických krémov. Nákup a spotreba krémov.

Gespeichert in:
Bibliographische Detailangaben
1. Verfasser: Vojtková, Viera
Format: Buchkapitel
Sprache:Slowakisch
Schlagworte:
Tags: Tag hinzufügen
Keine Tags, Fügen Sie das erste Tag hinzu!

MARC

LEADER 00000naa a2200000 4500
001 r044869
005 20231002114521.9
041 0 |a slo 
044 |a SK 
245 1 0 |a Certifikácia je dobrovoľná  |c Viera Vojtková 
520 |a Zodpovednosť za neškodnosť pleťových krémov je na výrobcovi a dovozcovi. Testovacie centrá na krémy. Legislatívna úprava certifikácie kozmetických krémov. Nákup a spotreba krémov. 
610 2 0 |a kozmetika 
610 2 0 |a certifikácia 
610 2 0 |a legislatíva 
610 2 0 |a spotreba obyvateľstva 
610 2 0 |a nákup 
100 1 |a Vojtková, Viera